000 00480nam a2200157 i 4500
001 70875
003 ES-MaACL
005 20230906170942.0
007 t|
008 040803s1939 sp ||||1| spa d
100 1 _aGarrigues, Joaquín (
_d1899-1983)
_9162586
245 1 0 _aTres conferencias en Italia sobre el Fuero del Trabajo /
_cJoaquín Garrigues.
260 _aMadrid :
_b[s.n.,
_c1939] (
_fS. Aguirre)
300 _a87 p. ;
_c23 cm.
852 _aES-MaACL
_j1825-F-19
_bR.16890
999 _c70875
_d70875